书目信息 |
| 题名: |
中英双向互译中翻译认知过程研究
|
|
| 作者: | 冯佳 著 | |
| 分册: | ||
| 出版信息: | 北京 外语教学与研究出版社 2018.09 |
|
| 页数: | 470页 | |
| 开本: | 23cm | |
| 丛书名: | 外语学科中青年学者学术创新丛书 | |
| 单 册: | ||
| 中图分类: | H315.9 | |
| 科图分类: | ||
| 主题词: | 英语--ying yu--翻译--研究 | |
| 电子资源: | ||
| ISBN: | 978-7-5135-9957-3 | |
| 000 | 01265nam 2200277 450 | |
| 001 | 202019135714 | |
| 005 | 20191007123108.0 | |
| 010 | @a978-7-5135-9957-3@dCNY111.90 | |
| 100 | @a20191004d2018 em y0chiy50 ea | |
| 101 | 0 | @achi@aeng |
| 102 | @aCN@b110000 | |
| 105 | @aak a 000yy | |
| 106 | @ar | |
| 200 | 1 | @a中英双向互译中翻译认知过程研究@Azhong ying shuang xiang hu yi zhong fan yi ren zhi guo cheng yan jiu@e基于眼动追踪和键盘记录的实证分析@f冯佳著 |
| 210 | @a北京@c外语教学与研究出版社@d2018.09 | |
| 215 | @a470页@c图@d23cm | |
| 225 | 2 | @a外语学科中青年学者学术创新丛书@Awai yu xue ke zhong qing nian xue zhe xue shu chuang xin cong shu |
| 320 | @a有书目 (第412-431页) | |
| 330 | @a《中英双向互译中翻译认知过程研究 —— 基于眼动追踪和键盘记录的实证分析》作为科学、系统地探究中英语言双向翻译认知过程的研究, 本研究为翻译过程研究提供了来自英汉语言对的实证研究证据。包括: 翻译认识过程 ; 注音资源分配 ; 翻译方向等。 | |
| 410 | 0 | @12001 @a外语学科中青年学者学术创新丛书 |
| 517 | 1 | @a基于眼动追踪和键盘记录的实证分析@Aji yu yan dong zhui zong he jian pan ji lu de shi zheng fen xi |
| 606 | 0 | @a英语@Aying yu@x翻译@x研究 |
| 690 | @aH315.9@v5 | |
| 701 | 0 | @a冯佳@Afeng jia@4著 |
| 801 | 0 | @aCN@c20190905 |
| 905 | @a河南城建学院图书馆@dH315.9@eF470 | |
| 中英双向互译中翻译认知过程研究:基于眼动追踪和键盘记录的实证分析/冯佳著.-北京:外语教学与研究出版社,2018.09 |
| 470页:图;23cm.-(外语学科中青年学者学术创新丛书) |
| ISBN 978-7-5135-9957-3:CNY111.90 |
| 《中英双向互译中翻译认知过程研究 —— 基于眼动追踪和键盘记录的实证分析》作为科学、系统地探究中英语言双向翻译认知过程的研究, 本研究为翻译过程研究提供了来自英汉语言对的实证研究证据。包括: 翻译认识过程 ; 注音资源分配 ; 翻译方向等。 |
| ● |
| 相关链接 |
|
|
|
正题名:中英双向互译中翻译认知过程研究
索取号:H315.9/F470
 
预约/预借
| 序号 | 登录号 | 条形码 | 馆藏地/架位号 | 状态 | 备注 |
| 1 | 1444700 | 214447008 | 语言库209/209语言库 9排1列6层/ [索取号:H315.9/F470] | 在馆 |